Η δύναμη του κειμένου : λογοτεχνική θεωρία και διδασκαλία των γραμμάτων

Saved in:
Bibliographic Details
Main Author: Scholes, Robert E., 1929-
Other Authors: Μπέλλα, Ζωή Κ. (trlf)
Format: Book
Language:Greek
English
Published: Αθήνα : Τυπωθήτω, 2005.
Series:(Παραφερνάλια ; 14)
Subjects:
Tags: Add Tag
No Tags, Be the first to tag this record!

MARC

LEADER 00000cam a2200000 a 4500
001 1/122633
008 210204s2005####gr | ||| |||| ||gre||
020 |a 9604022024 
040 |a GR-MyUa  |b gre  |c GR-MyUa  |e AACR2 
041 1 |a gre  |h eng 
082 7 |a 808.042   |2 (23) 
100 1 |a Scholes, Robert E.,   |d 1929- 
245 1 2 |a Η δύναμη του κειμένου :   |b λογοτεχνική θεωρία και διδασκαλία των γραμμάτων /   |c Robert Scholes ; μετάφραση: Ζωή Κ. Μπέλλα.  
260 |a Αθήνα :   |b Τυπωθήτω,   |c 2005.  
300 |a 250 σ. ;   |c 24 εκ.  
490 1 |a (Παραφερνάλια ;   |v  14)  
504 |a Περιλαμβάνει βιβλιογραφικές παραπομπές και ευρτήριο όρων και ονομάτων.  
650 0 |a Criticism. 
650 0 |a English literature  |x Study and teaching. 
650 0 |a Literature  |x History and criticism  |x Theory, etc. 
700 1 |a Μπέλλα, Ζωή Κ.  |e trlf 
852 |a INST  |b RHODES  |c EUDOXUS  |e 20210204  |h 808.042 SCH  |p 005400041888  |q 005400041888  |t EDX  |y 0 
920 |a Εύδξος  |b Παραγγελία  |y Ρόδος-ΤΕΠΑΕΣ  |z 2021-01 
970 |z 04-02-2021